| 000 | 00508nam a2200181Ia 4500 | ||
|---|---|---|---|
| 001 | 20680 | ||
| 005 | 20260306172823.0 | ||
| 008 | 260306t2018||||xx |||||||||||||| ||spa|| | ||
| 041 | _aESP | ||
| 082 |
_a343.6 _bM86 T. 1 |
||
| 100 |
_aMorón Urbina, Juan Carlos _eAUT |
||
| 245 | 0 |
_aEstudios de derecho administrativo: _bel derecho administrativo iberoamericano innovación y reforma |
|
| 260 | _c2018 | ||
| 300 |
_a638 páginas : _c25 cm. |
||
| 650 | _aGEN | ||
| 654 | _aCDE | ||
| 942 |
_cLIB _dJUS _fJUS _2ddc _n |
||
| 999 |
_c20680 _d20680 |
||